000 00737nam a22002177a 4500
003 UA-OsUOA
001 58756
007 ta
008 20090223b un ||||| |||| 00| 0 ukr d
100 _aЧернега М.
090 _a908
_bЧ-49
942 _cSA
040 _aUA-OsUOA
_bukr
_cUA-OsUOA
_dUA-OsUOA
245 _aЩо "болить" вітчизняному атому? Учора Президент України відвідав пологовий будинок Острозької лікарні і переймався проблемами атомної енергетики
300 _aС.2
955 _a0
041 _aukr
080 _a908
773 0 _w58755
650 7 _a908 Краєзнавство
_2UDC
999 _c344896
_d344896